Les meilleurs joueurs sur FIFA 14 - Statistiques

Statistiques générales
  • Ce quiz a été pris 585 fois
    389 depuis la dernière actualisation
  • Le résultat moyen est 17 sur 22
Statistiques - réponses
Note Joueurs Club % Correct
92 Cristiano Ronaldo Real Madrid
100%
94 Lionel Messi FC Barcelone
100%
90 Zlatan Ibrahimović Paris Saint-Germain
99%
89 Andrés Iniesta FC Barcelone
88%
89 Radamel Falcao AS Monaco
88%
89 Franck Ribéry Bayern Munich
85%
88 Arjen Robben Bayern Munich
84%
89 Luis Suárez Liverpool
84%
88 Thiago Silva Paris Saint-Germain
83%
87 Manuel Neuer Bayern Munich
82%
88 Xavi FC Barcelone
82%
88 Sergio Agüero Manchester City
81%
87 Wayne Rooney Manchester United
79%
87 David Silva Manchester City
78%
87 Edinson Cavani Paris Saint-Germain
78%
87 Philipp Lahm Bayern Munich
77%
88 Eden Hazard Chelsea
68%
87 Gareth Bale Real Madrid
65%
87 Mesut Özil Arsenal
64%
89 Robin van Persie Manchester United
59%
88 Bastian Schweinsteiger Bayern Munich
44%
87 Juan Mata Manchester United
11%
Aucun quiz correspondant
Distribution des résultats
% des personnes avec chaque résultat
Percentile par nombre de réponses
Votre historique - résultats
Vous n’avez pas pris ce quiz depuis la dernière actualisation